[Event "Commonwealth Chess Championship 2008"]
[Site "Nagpur India"]
[Date "2008.10.01"]
[Round "?"]
[White "M R, Venkatesh"]
[Black "Rao, Prasanna"]
[Result "1-0"]
[WhiteElo "2462"]
[BlackElo "2233"]
[PlyCount "67"]
[EventDate "2008.09.28"]
[Source "MonRoi"]

1. Nf3 Nf6 2. g3 e6 3. Bg2 d5 4. d3 Be7 5. Nbd2 b6 6. e4 Bb7 7. e5 Nfd7 8. O-O
c5 9. Re1 Nc6 10. h4 Qc7 11. Qe2 h6 12. h5 O-O-O 13. a3 g6 14. hxg6 fxg6 15.
Bh3 Nf8 16. b4 cxb4 17. Nb3 d4 18. axb4 Bxb4 19. Bd2 Bxd2 20. Nbxd2 Kb8 21.
Reb1 Nd7 22. Nc4 Nc5 23. Bg2 Rhf8 24. Nfd2 g5 25. Nd6 Rxd6 26. exd6 Qxd6 27.
Nc4 Qc7 28. Rb5 Rf5 29. Qh5 Qd7 30. Qxh6 Nd8 31. Bxb7 Kxb7 32. Qh1+ Rd5 33.
Rab1 g4 34. Rxc5 1-0

[Event "Commonwealth Chess Championship 2008"]
[Site "Nagpur India"]
[Date "2008.10.01"]
[Round "?"]
[White "Swaminathan, Soumya"]
[Black "Kidambi, Sundararajan"]
[Result "1/2-1/2"]
[WhiteElo "2293"]
[BlackElo "2446"]
[PlyCount "92"]
[EventDate "2008.09.28"]
[Source "MonRoi"]

1. e4 e5 2. Nf3 Nc6 3. Bb5 a6 4. Ba4 Nf6 5. O-O Nxe4 6. d4 b5 7. Bb3 d5 8. dxe5
Be6 9. Nbd2 Nc5 10. c3 Bg4 11. h3 Bh5 12. Bc2 Ne6 13. Re1 Bc5 14. Nf1 Bg6 15.
b4 Bb6 16. a4 O-O 17. Bxg6 hxg6 18. axb5 axb5 19. Rxa8 Qxa8 20. Qxd5 Qa6 21.
Ng5 Ncd8 22. Ne4 Nc6 23. Ng5 Ncd8 24. Nf3 Nc6 25. Be3 Ne7 26. Qe4 Nf5 27. Bxb6
Qxb6 28. Rd1 Re8 29. g4 Ne7 30. Ne3 Qc6 31. Qxc6 Nxc6 32. Rd7 Ra8 33. Nd5 Ra7
34. Kh2 Kf8 35. Nd4 Nxe5 36. Nxe6+ fxe6 37. Rxc7 Ra2 38. Rc8+ Kf7 39. Rc7+ Kf8
40. Rc8+ Kf7 41. Nc7 Rxf2+ 42. Kg1 Rd2 43. Nxb5 Nf3+ 44. Kf1 Nh2+ 45. Ke1 Nf3+
46. Kf1 Nh2+ 1/2-1/2

[Event "Commonwealth Chess Championship 2008"]
[Site "Nagpur India"]
[Date "2008.10.01"]
[Round "?"]
[White "Niaz, Murshed"]
[Black "Kumar, Vinoth"]
[Result "1-0"]
[WhiteElo "2437"]
[BlackElo "2202"]
[PlyCount "95"]
[EventDate "2008.09.28"]
[Source "MonRoi"]

1. e4 e6 2. d4 d5 3. Nd2 Nf6 4. Bd3 c5 5. e5 Nfd7 6. c3 Nc6 7. Ne2 Qb6 8. Nf3
cxd4 9. cxd4 f6 10. exf6 Nxf6 11. O-O Bd6 12. Rb1 O-O 13. Bf4 Bxf4 14. Nxf4 Qc7
15. Qc1 Qd6 16. g3 g5 17. Ne2 g4 18. Qg5+ Kh8 19. Ne5 Bd7 20. Nf4 Be8 21. Nxc6
Bxc6 22. Qh6 Ne4 23. Nxe6 Qe7 24. Nxf8 Rxf8 25. Bxe4 dxe4 26. Rbc1 Re8 27. Rfd1
Qf7 28. Qf4 Qxf4 29. gxf4 Bd5 30. Rc5 Rd8 31. Rc7 Rf8 32. Rd7 Bc6 33. Re7 Bd5
34. Rc1 Bc6 35. Kg2 Rd8 36. Rd1 Bd5 37. Kg3 h5 38. Re5 Kg7 39. Rxh5 Bxa2 40. d5
Bc4 41. Rd4 Bd3 42. d6 Kf6 43. d7 a6 44. Rhd5 Bb1 45. Re5 Kf7 46. Re8 Rxe8 47.
dxe8=Q+ Kxe8 48. Kxg4 1-0

[Event "Commonwealth Chess Championship 2008"]
[Site "Nagpur India"]
[Date "2008.10.01"]
[Round "?"]
[White "P D S, Girinath"]
[Black "Srinath, Narayanan"]
[Result "1-0"]
[WhiteElo "2423"]
[BlackElo "2220"]
[PlyCount "37"]
[EventDate "2008.09.28"]
[Source "MonRoi"]

1. e4 e5 2. Nf3 Nc6 3. Nc3 Nf6 4. g3 d5 5. exd5 Nxd5 6. Bg2 Nxc3 7. bxc3 Be7 8.
d3 O-O 9. O-O Re8 10. Re1 Bc5 11. Ng5 h6 12. Ne4 Bb6 13. Qh5 f5 14. Bxh6 fxe4
15. Bg5 Qd7 16. Bxe4 Qf7 17. Bg6 Qxf2+ 18. Kh1 Bh3 19. Qh7+ {Qg1} 1-0

[Event "Commonwealth Chess Championship 2008"]
[Site "Nagpur India"]
[Date "2008.10.01"]
[Round "?"]
[White "Roy, Saptarshi"]
[Black "P, Priya"]
[Result "1/2-1/2"]
[WhiteElo "2404"]
[BlackElo "2190"]
[PlyCount "126"]
[EventDate "2008.09.28"]
[Source "MonRoi"]

1. d4 Nf6 2. Nc3 d5 3. Bg5 Nbd7 4. Qd3 h6 5. Bh4 e6 6. e4 dxe4 7. Nxe4 Be7 8.
Bxf6 Nxf6 9. Nxf6+ Bxf6 10. Nf3 O-O 11. O-O-O c5 12. Qe4 cxd4 13. h4 Qd5 14.
Qxd5 exd5 15. Nxd4 Rd8 16. Be2 Bd7 17. f4 Rac8 18. c3 g6 19. g4 Re8 20. Bf3 Re3
21. Bxd5 Bxg4 22. Rdg1 h5 23. Bxb7 Rb8 24. Nc2 Re2 25. Bd5 Bf5 26. Rg2 Rbe8 27.
Rxe2 Rxe2 28. Nb4 Rf2 29. Bc4 Be4 30. Nd3 Bxd3 31. Bxd3 Rxf4 32. c4 Rxh4 33.
Rf1 Be7 34. a3 Rh3 35. Kc2 a5 36. Re1 Bd6 37. Kc3 h4 38. Kd4 Rg3 39. Be4 Rg5
40. Bd5 Rg4+ 41. Re4 Rxe4+ 42. Bxe4 f5 43. Bd5+ Kf8 44. c5 Bg3 45. b4 axb4 46.
axb4 Ke7 47. b5 h3 48. b6 h2 49. Kc4 g5 50. c6 Kd8 51. Kb5 Kc8 52. Kc4 g4 53.
Kd3 Bd6 54. c7 Bxc7 55. bxc7 Kxc7 56. Bh1 f4 57. Ke2 Kd6 58. Kf2 Ke5 59. Kg2
Ke4 60. Kxh2+ Ke3 61. Kg1 Ke2 62. Bc6 f3 63. Bb5+ Ke1 1/2-1/2

[Event "Commonwealth Chess Championship 2008"]
[Site "Nagpur India"]
[Date "2008.10.01"]
[Round "?"]
[White "Sohan, Phadke"]
[Black "P, Karthikeyan"]
[Result "0-1"]
[WhiteElo "2283"]
[BlackElo "2402"]
[PlyCount "68"]
[EventDate "2008.09.28"]
[Source "MonRoi"]

1. e4 e5 2. Nf3 Nc6 3. Bc4 Nf6 4. d3 Bc5 5. c3 a6 6. O-O Ba7 7. h3 d6 8. Re1 h6
9. Bb3 g5 10. Nh2 Qe7 11. Na3 Rg8 12. g4 Nd8 13. Nc2 Ne6 14. Bxe6 fxe6 15. Be3
Bb8 16. f3 Nh7 17. d4 exd4 18. cxd4 Nf8 19. d5 e5 20. Nf1 Ng6 21. Ng3 Nf4 22.
Kh2 Qh7 23. Bxf4 gxf4 24. Nh5 Qe7 25. Qd2 Ba7 26. Qg2 Bd7 27. Rac1 Kf7 28. Na3
Rac8 29. Nc4 Rg5 30. Nxf4 exf4 31. e5 Kg8 32. exd6 Qf6 33. Re7 Rg7 34. Rxg7+
Kxg7 0-1

[Event "Commonwealth Chess Championship 2008"]
[Site "Nagpur India"]
[Date "2008.10.01"]
[Round "?"]
[White "Vinay Kumar, Matta"]
[Black "Aleksandar H, Wohl"]
[Result "1-0"]
[WhiteElo "2265"]
[BlackElo "2384"]
[PlyCount "56"]
[EventDate "2008.09.28"]
[Source "MonRoi"]

1. e4 e5 2. Nf3 Nc6 3. d4 exd4 4. Bc4 Nf6 5. O-O Be7 6. e5 Ng4 7. Re1 d6 8.
exd6 Qxd6 9. b3 O-O 10. Ba3 Nb4 11. h3 Nh6 12. Nxd4 c5 13. c3 Bf6 14. Nd2 Bxd4
15. Ne4 Qg6 16. cxd4 Bxh3 17. Qf3 Bg4 18. Qc3 Bf5 19. f3 Bh3 20. Re2 Nf5 21.
Kh2 Nxd4 22. gxh3 Nxe2 23. Bxe2 Nd5 24. Qe5 Qc6 25. Bc4 Rad8 26. Rg1 f6 27. Qe7
g6 28. Qxc5 Qxc5 1-0

[Event "Commonwealth Chess Championship 2008"]
[Site "Nagpur India"]
[Date "2008.10.01"]
[Round "?"]
[White "Lanka, Ravi"]
[Black "Shah, Fenil"]
[Result "1/2-1/2"]
[WhiteElo "2371"]
[BlackElo "2129"]
[PlyCount "50"]
[EventDate "2008.09.28"]
[Source "MonRoi"]

1. d4 Nf6 2. Nf3 e6 3. g3 d5 4. Bg2 Be7 5. Nbd2 O-O 6. O-O c5 7. dxc5 Na6 8. b3
Nxc5 9. Bb2 b6 10. Ne5 Bb7 11. c4 Rc8 12. Rc1 dxc4 13. Bxb7 Nxb7 14. Ndxc4 Nc5
15. b4 Qxd1 16. Rfxd1 Na4 17. b5 Nxb2 18. Nxb2 Nd5 19. Rxc8 Rxc8 20. Nc6 Bf6
21. a4 a6 22. Nc4 axb5 23. axb5 Nc3 24. Nxb6 Rc7 25. Rd7 Nxb5 1/2-1/2

[Event "COMMONWEALTH CHESS CHAMPIONSHI"]
[Site "Nagpur,India"]
[Date "2008.10.01"]
[Round "5.33"]
[White "Rathnakaran, K."]
[Black "Gurpreet, Singh Maras"]
[Result "1-0"]
[WhiteElo "2453"]
[BlackElo "2187"]
[PlyCount "93"]
[EventDate "2008.09.28"]
[Source "MonRoi"]

1. e4 e6 2. d3 d5 3. Nd2 c5 4. g3 Nc6 5. Bg2 g6 6. Ngf3 Bg7 7. O-O Nge7 8. h4
b6 9. a4 Bb7 10. Re1 Qc7 11. c3 O-O 12. h5 Ba6 13. hxg6 hxg6 14. exd5 exd5 15.
Nf1 Qd7 16. Bf4 Qf5 17. Ne3 Qxd3 18. Qc1 d4 19. Bf1 dxc3 20. Bxd3 cxb2 21. Bxa6
bxa1=Q 22. Qxa1 Bxa1 23. Rxa1 Rad8 24. Ng4 Nf5 25. Bg5 Rd6 26. Bf4 Rdd8 27. Bc7
Kg7 28. Bxd8 Rxd8 29. Kg2 Nfd4 30. Ne3 Nxf3 31. Kxf3 Kf6 32. g4 Rd2 33. Kg3 Nd4
34. Bc4 Nc2 35. Ra2 Nxe3 36. fxe3 Rd7 37. Rf2+ Kg7 38. g5 Re7 39. Rf3 Rd7 40.
Rf6 Re7 41. Kf4 Rc7 42. e4 Re7 43. e5 Rd7 44. Rd6 Rc7 45. Ke4 Re7 46. Bb5 Rc7
47. Rd7 1-0

[Event "COMMONWEALTH CHESS CHAMPIONSHI"]
[Site "Nagpur,India"]
[Date "2008.10.01"]
[Round "5.37"]
[White "Mas, Hafizulhelmi"]
[Black "Gajendra, Singh"]
[Result "0-1"]
[WhiteElo "2385"]
[BlackElo "2159"]
[PlyCount "80"]
[EventDate "2008.09.28"]
[Source "MonRoi"]

1. e4 e6 2. d4 d5 3. Nd2 Nf6 4. e5 Nfd7 5. c3 c5 6. f4 Nc6 7. Ndf3 Qb6 8. g3
cxd4 9. cxd4 Be7 10. Bh3 f6 11. Kf1 O-O 12. Kg2 Kh8 13. Ne2 fxe5 14. fxe5 Ndxe5
15. dxe5 Nxe5 16. Ned4 Ng6 17. Re1 e5 18. Nxe5 Bxh3+ 19. Kxh3 Nxe5 20. Rxe5 Bf6
21. Bf4 Bxe5 22. Bxe5 Rf2 23. Qh5 Qxb2 24. Rh1 Qb6 25. Re1 Qg6 26. Qxg6 hxg6
27. Ne6 Kg8 28. a3 Rf5 29. g4 Rf3+ 30. Kh4 Rxa3 31. Kg5 d4 32. Nxg7 Re3 33.
Rxe3 dxe3 34. Kxg6 e2 35. Bg3 a5 36. Nh5 Ra6+ 37. Kf5 a4 38. Nf4 a3 39. Nxe2 a2
40. Be5 Ra5 0-1

[Event "COMMONWEALTH CHESS CHAMPIONSHI"]
[Site "Nagpur,India"]
[Date "2008.10.01"]
[Round "5.38"]
[White "Bhagwat, Vinod"]
[Black "Shyam, Nikil P"]
[Result "0-1"]
[WhiteElo "2187"]
[BlackElo "2364"]
[PlyCount "58"]
[EventDate "2008.09.28"]
[Source "MonRoi"]

1. d4 Nf6 2. c4 c5 3. d5 b5 4. cxb5 a6 5. bxa6 g6 6. Nc3 Bxa6 7. e4 Bxf1 8.
Kxf1 d6 9. Nf3 Bg7 10. h3 Nbd7 11. Kg1 O-O 12. Kh2 Qb6 13. Re1 Rfb8 14. Re2 h6
15. Qc2 Qb4 16. Kg1 Ne8 17. Bf4 g5 18. Bg3 Qxb2 19. Qxb2 Rxb2 20. Rxb2 Bxc3 21.
Rab1 Bxb2 22. Rxb2 f5 23. exf5 Nef6 24. h4 g4 25. Nh2 h5 26. f3 gxf3 27. Nxf3
Nxd5 28. Ng5 N7f6 29. Be1 Ne3 0-1

[Event "COMMONWEALTH CHESS CHAMPIONSHI"]
[Site "Nagpur,India"]
[Date "2008.10.01"]
[Round "5.39"]
[White "Vishnu, Prasanna"]
[Black "Shiven, Khosla"]
[Result "1-0"]
[WhiteElo "2341"]
[BlackElo "2141"]
[PlyCount "63"]
[EventDate "2008.09.28"]
[Source "MonRoi"]

1. e4 c5 2. Nf3 d6 3. d4 cxd4 4. Nxd4 Nf6 5. Nc3 g6 6. Bg5 Bg7 7. Bb5+ Bd7 8.
Qe2 O-O 9. O-O-O Qa5 10. f4 a6 11. Bxd7 Nbxd7 12. Rhe1 e6 13. Nb3 Qc7 14. Qd2
Rfd8 15. Qxd6 Qc4 16. e5 Nf8 17. Qxd8 Rxd8 18. Rxd8 N6d7 19. Ne4 Qc7 20. Rd1
Nb6 21. Nf6+ Bxf6 22. exf6 Nd5 23. Ra8 h5 24. Bh6 Kh7 25. Rxf8 Nxf6 26. Bg5 Nd5
27. Kb1 Kg7 28. Re8 Qd6 29. Ra8 Qc7 30. Nd4 b5 31. h4 Ne3 32. Nxe6+ 1-0

[Event "COMMONWEALTH CHESS CHAMPIONSHI"]
[Site "Nagpur,India"]
[Date "2008.10.01"]
[Round "5.40"]
[White "Das, Sayantan"]
[Black "Lalith, Babu M R"]
[Result "0-1"]
[WhiteElo "2135"]
[BlackElo "2328"]
[PlyCount "62"]
[EventDate "2008.09.28"]
[Source "MonRoi"]

1. e4 c6 2. d4 d5 3. Nc3 dxe4 4. Nxe4 Bf5 5. Ng3 Bg6 6. h4 h6 7. Nh3 e6 8. Nf4
Bh7 9. Bc4 Nf6 10. O-O Bd6 11. Nxe6 fxe6 12. Bxe6 Na6 13. Nh5 Kf8 14. Qf3 Be4
15. Qe2 Nc7 16. Bb3 Bf5 17. Nf4 Qd7 18. Bd2 Re8 19. Qf3 Be4 20. Rae1 Bxf4 21.
Qxf4 Ncd5 22. Bxd5 Bxd5 23. Rxe8+ Qxe8 24. Re1 Qg6 25. f3 Kg8 26. Re7 Kh7 27.
Rxb7 Re8 28. g4 Re2 29. Rxa7 Bxf3 30. Qxh6+ Qxh6 31. Bxh6 Nxg4 0-1

[Event "COMMONWEALTH CHESS CHAMPIONSHI"]
[Site "Nagpur,India"]
[Date "2008.10.01"]
[Round "5.41"]
[White "Rahman, Md  Taibur"]
[Black "Navalgund, Niranjan"]
[Result "1-0"]
[WhiteElo "2307"]
[BlackElo "2091"]
[PlyCount "59"]
[EventDate "2008.09.28"]
[Source "MonRoi"]

1. d4 d5 2. c4 c6 3. Nf3 Nf6 4. Nc3 dxc4 5. a4 Bg4 6. Ne5 Bh5 7. Nxc4 e6 8. Qb3
Na6 9. Bg5 Bb4 10. Rd1 O-O 11. f3 h6 12. Bh4 g5 13. Bf2 Nd5 14. h4 g4 15. e4 b5
16. axb5 cxb5 17. Ne5 g3 18. Bxg3 Ne3 19. Rd2 Qa5 20. Nc6 Qa1+ 21. Kf2 Nc4 22.
Bxc4 Qxh1 23. Rd1 Nc5 24. Qc2 Qxd1 25. Nxd1 bxc4 26. Nxb4 a5 27. dxc5 axb4 28.
Qxc4 Rfd8 29. Bd6 Ra7 30. Ne3 1-0

[Event "COMMONWEALTH CHESS CHAMPIONSHI"]
[Site "Nagpur,India"]
[Date "2008.10.01"]
[Round "5.42"]
[White "Abhishek, Kelkar"]
[Black "Karavade, Eesha"]
[Result "1/2-1/2"]
[WhiteElo "2120"]
[BlackElo "2297"]
[PlyCount "32"]
[EventDate "2008.09.28"]
[Source "MonRoi"]

1. e4 e5 2. Nf3 Nc6 3. Bc4 Nf6 4. d3 Be7 5. c3 O-O 6. Bb3 d5 7. Qe2 Bg4 8. h3
Bh5 9. Nbd2 dxe4 10. dxe4 Nd7 11. g4 Bg6 12. h4 h6 13. Nf1 Nf6 14. N3d2 Nd7 15.
Nf3 Nf6 16. N3d2 Nd7 1/2-1/2

[Event "COMMONWEALTH CHESS CHAMPIONSHI"]
[Site "Nagpur,India"]
[Date "2008.10.01"]
[Round "5.44"]
[White "Debashis, Das"]
[Black "Mehta, Praful"]
[Result "1-0"]
[WhiteElo "2294"]
[BlackElo "2084"]
[PlyCount "51"]
[EventDate "2008.09.28"]
[Source "MonRoi"]

1. e4 d5 2. exd5 Qxd5 3. Nc3 Qa5 4. Bc4 Nf6 5. d3 c6 6. Qe2 e6 7. Bd2 Qd8 8.
Nf3 Be7 9. O-O O-O 10. d4 a5 11. Rad1 Na6 12. a4 Nb4 13. Bf4 Nfd5 14. Bc1 Nxc3
15. bxc3 Nd5 16. Rd3 b5 17. axb5 Nb6 18. Ba2 cxb5 19. Ne5 Bd6 20. Rh3 Nd5 21.
Qh5 Nf6 22. Qh4 Bb7 23. Bg5 Re8 24. Bxf6 Qxf6 25. Qxh7+ Kf8 26. Nd7+ 1-0

[Event "COMMONWEALTH CHESS CHAMPIONSHI"]
[Site "Nagpur,India"]
[Date "2008.10.01"]
[Round "5.45"]
[White "Gagare, Shalmali"]
[Black "Arun, Karthik R"]
[Result "0-1"]
[WhiteElo "2092"]
[BlackElo "2277"]
[PlyCount "128"]
[EventDate "2008.09.28"]
[Source "MonRoi"]

1. g3 g6 2. Bg2 Bg7 3. c4 d6 4. Nc3 e5 5. Nf3 Nc6 6. d3 f5 7. O-O Nf6 8. Rb1
O-O 9. b4 h6 10. Nd5 Nxd5 11. cxd5 Ne7 12. b5 Kh8 13. Nd2 b6 14. Qb3 a5 15. a4
f4 16. Bb2 h5 17. Rfc1 Ra7 18. Rc4 Bb7 19. Rc2 h4 20. Nf1 Ba8 21. Qc4 Qe8 22.
d4 e4 23. Bxe4 Qf7 24. e3 fxg3 25. fxg3 Nxd5 26. Bg2 Nb4 27. Qxf7 Rxf7 28. Re2
Bxg2 29. Kxg2 hxg3 30. hxg3 Ra8 31. Bc3 Nd5 32. Bd2 Re8 33. Rf2 Rfe7 34. Rb3
Kg8 35. Rf3 Re4 36. Kh3 g5 37. Rf5 g4+ 38. Kg2 Ne7 39. Rg5 Kf7 40. Rc3 Bf6 41.
Rh5 Kg6 42. Rh2 Nd5 43. Rc2 Rf8 44. Kg1 Bg5 45. Rf2 Rfe8 46. Re2 Rxd4 47. e4
Rdxe4 48. Rxe4 Rxe4 49. Bxg5 Kxg5 50. Rd2 Nc3 51. Rc2 Nxa4 52. Rxc7 Rb4 53. Rd7
Rxb5 54. Rxd6 Nc3 55. Ne3 a4 56. Rc6 Rb3 57. Nc4 Ne4 58. Re6 Nc5 59. Re5+ Kf6
60. Rd5 a3 61. Nxa3 {White Resigns} Rxg3+ 62. Kh2 Rxa3 63. Rd6+ Kf5 64. Rxb6
Ra2+ 0-1

[Event "COMMONWEALTH CHESS CHAMPIONSHI"]
[Site "Nagpur,India"]
[Date "2008.10.01"]
[Round "5.46"]
[White "Thakur, Akash"]
[Black "Vaibhav, Suri"]
[Result "0-1"]
[WhiteElo "2276"]
[BlackElo "2081"]
[PlyCount "125"]
[EventDate "2008.09.28"]
[Source "MonRoi"]

1. d4 Nf6 2. Nc3 d5 3. Bg5 Bf5 4. Bxf6 exf6 5. e3 c6 6. Bd3 Bxd3 7. Qxd3 g6 8.
e4 dxe4 9. Nxe4 f5 10. Nd2 Be7 11. Ngf3 O-O 12. O-O Na6 13. c4 Nc5 14. Qc2 Ne6
15. Nb3 Bf6 16. Rfd1 Re8 17. Qd2 a5 18. d5 cxd5 19. cxd5 Ng5 20. Nxg5 Bxg5 21.
Qd3 Bf6 22. Qb5 a4 23. Nd2 Ra5 24. Qf1 Rxd5 25. Nc4 Re4 26. Ne3 Rxd1 27. Rxd1
Rd4 28. b3 axb3 29. axb3 f4 30. Rxd4 Qxd4 31. Nc4 Qc3 32. Qd1 Bd4 33. h3 Kg7
34. Qd2 Qa1+ 35. Kh2 b5 36. Nd6 Be5 37. Ne8+ Kf8 38. Qd8 f3+ 39. g3 Bxg3+ 40.
Kxg3 Qe5+ 41. Kxf3 Qxe8 42. Qxe8+ Kxe8 43. Ke4 Kd7 44. Kd5 g5 45. f3 h5 46. Ke5
Ke7 47. Kf5 f6 48. Kg6 h4 49. Kf5 Kf7 50. f4 gxf4 51. Kxf4 Ke6 52. Kg4 Ke5 53.
Kxh4 Kf4 54. Kh5 f5 55. h4 Ke4 56. Kg5 f4 57. h5 f3 58. h6 f2 59. h7 f1=Q 60.
h8=Q Qg2+ 61. Kh6 Qh3+ 62. Kg7 Qxh8+ 63. Kxh8 {White Resigns} 0-1

[Event "COMMONWEALTH CHESS CHAMPIONSHI"]
[Site "Nagpur,India"]
[Date "2008.10.01"]
[Round "5.48"]
[White "Peiris, T G M."]
[Black "Hasan, Mehdi"]
[Result "1-0"]
[WhiteElo "2091"]
[BlackElo "2264"]
[PlyCount "125"]
[EventDate "2008.09.28"]
[Source "MonRoi"]

1. e4 e5 2. Nf3 Nc6 3. Bc4 Bc5 4. Nc3 Nf6 5. d3 d6 6. Bg5 h6 7. Bxf6 Qxf6 8.
Nd5 Qd8 9. h3 Be6 10. Qd2 a6 11. Ne3 Qd7 12. c3 b5 13. Bb3 a5 14. O-O Bb6 15.
Bxe6 fxe6 16. d4 exd4 17. Nxd4 Ne5 18. f4 O-O 19. Qe2 Nf7 20. Qg4 Rae8 21. Nd5
Bxd4+ 22. cxd4 Qd8 23. Ne3 Kh8 24. Rac1 Qe7 25. Qg6 Rc8 26. f5 Qg5 27. Qxg5
Nxg5 28. fxe6 Rxf1+ 29. Rxf1 Nxe6 30. Nf5 Re8 31. Rc1 Kh7 32. Rc6 g6 33. Ng3
Re7 34. d5 Nd4 35. Rc3 b4 36. Rc4 Nb5 37. Kf2 Na7 38. Ke3 Nc8 39. Kd4 Nb6 40.
Rc2 Kg7 41. b3 Rf7 42. Ke3 Kf8 43. Ne2 Re7 44. Nf4 Kf7 45. Ne6 c5 46. Rf2+ Kg8
47. Rf8+ Kh7 48. Rb8 Nd7 49. Rb7 Kg8 50. Ra7 Kf7 51. Rxa5 Nf8 52. Nxf8 Kxf8 53.
Ra6 Rd7 54. e5 dxe5 55. Ke4 Kf7 56. Kxe5 Re7+ 57. Re6 Ra7 58. Rf6+ Kg7 59. Rf2
Ra5 60. Ke6 Ra8 61. d6 Re8+ 62. Kd5 Re1 63. d7 {Black Resigns} 1-0

[Event "COMMONWEALTH CHESS CHAMPIONSHI"]
[Site "Nagpur,India"]
[Date "2008.10.01"]
[Round "5.49"]
[White "Mohammad, Javed"]
[Black "Gagare, Shardul"]
[Result "1-0"]
[WhiteElo "2264"]
[BlackElo "2070"]
[PlyCount "91"]
[EventDate "2008.09.28"]
[Source "MonRoi"]

1. e4 d6 2. d4 Nf6 3. Nc3 g6 4. Be3 c6 5. f3 b5 6. Qd2 Nbd7 7. g4 Nb6 8. g5
Nfd7 9. h4 Bg7 10. h5 Rg8 11. f4 b4 12. Nd1 c5 13. c3 bxc3 14. Nxc3 Bb7 15. d5
a6 16. a4 Nf8 17. a5 Nbd7 18. Bc4 Qc7 19. Qd3 f6 20. hxg6 hxg6 21. Nf3 Rh8 22.
Rxh8 Bxh8 23. Kf2 Bg7 24. Bd2 fxg5 25. Nxg5 Rb8 26. Na4 Bc8 27. Bc3 Bxc3 28.
Qxc3 Rb4 29. Nb6 Nxb6 30. axb6 Qxb6 31. b3 Kd7 32. Rh1 Kc7 33. Rh8 Nd7 34. Re8
Kb8 35. Qh8 Qb7 36. Ne6 Rxc4 37. bxc4 Nf6 38. Rd8 Qb2+ 39. Kg1 Qc1+ 40. Kg2
Qd2+ 41. Kh3 Qe3+ 42. Kh4 g5+ 43. Kxg5 Qg3+ 44. Kh6 Ng4+ 45. Kg7 Qc3+ 46. e5 {
Black Resigns} 1-0

[Event "COMMONWEALTH CHESS CHAMPIONSHI"]
[Site "Nagpur,India"]
[Date "2008.10.01"]
[Round "5.50"]
[White "Premnath, R."]
[Black "Suraj, M."]
[Result "1-0"]
[WhiteElo "2257"]
[BlackElo "2058"]
[PlyCount "123"]
[EventDate "2008.09.28"]
[Source "MonRoi"]

1. d4 d5 2. c4 c6 3. Nc3 Nf6 4. e3 a6 5. Qc2 b5 6. b3 g6 7. Bd3 Bg7 8. Nf3 Nbd7
9. O-O O-O 10. Bb2 Re8 11. e4 b4 12. Na4 dxe4 13. Bxe4 Nxe4 14. Qxe4 Qc7 15.
Ne5 Nxe5 16. dxe5 Bf5 17. Qe3 Rad8 18. Nc5 a5 19. h3 h5 20. a3 Ra8 21. Ra2 f6
22. Rfa1 bxa3 23. Rxa3 fxe5 24. Bc3 e4 25. Bxg7 Kxg7 26. b4 a4 27. Qxe4 Bxe4
28. Ne6+ Kf6 29. Nxc7 Bc2 30. Rc3 Bb3 31. b5 cxb5 32. cxb5 Rec8 33. Rc6+ Ke5
34. Nxa8 Rxa8 35. Ra6 Rb8 36. b6 Kd4 37. Rc1 e6 38. Rc7 a3 39. Rxa3 Rxb6 40. h4
Ke5 41. Kh2 Rb5 42. Kg3 Bd5 43. f3 Rb7 44. Rxb7 Bxb7 45. Re3+ Kf5 46. Rb3 Bd5
47. Rb8 Bc4 48. Rf8+ Ke5 49. Kf2 Bd3 50. g4 Bc2 51. Ke3 Kd6 52. Rh8 hxg4 53.
fxg4 Ke7 54. Kf4 Kf6 55. g5+ Kg7 56. Rc8 Bf5 57. Ke5 Kf7 58. Rc7+ Kf8 59. Kf6
Kg8 60. h5 gxh5 61. g6 e5 62. Rc8+ 1-0

[Event "COMMONWEALTH CHESS CHAMPIONSHI"]
[Site "Nagpur,India"]
[Date "2008.10.01"]
[Round "5.51"]
[White "Padmini, Rout"]
[Black "Anuprita, Patil"]
[Result "1-0"]
[WhiteElo "2256"]
[BlackElo "2068"]
[PlyCount "51"]
[EventDate "2008.09.28"]
[Source "MonRoi"]

1. e4 c5 2. Nf3 e6 3. d4 cxd4 4. Nxd4 Nf6 5. Nc3 d6 6. g4 h6 7. h4 Nc6 8. Rg1
h5 9. gxh5 Nxh5 10. Bg5 Qb6 11. Nb3 a6 12. Be2 g6 13. Qd2 Qc7 14. O-O-O b5 15.
a3 Bd7 16. f4 Be7 17. f5 Bxg5 18. Rxg5 O-O-O 19. fxg6 fxg6 20. Rxg6 Ne5 21. Rg5
Nf6 22. Qxd6 Qxd6 23. Rxd6 Nf7 24. Rc5+ Kb7 25. Na5+ Ka7 26. Rc7+ 1-0

[Event "COMMONWEALTH CHESS CHAMPIONSHI"]
[Site "Nagpur,India"]
[Date "2008.10.01"]
[Round "5.54"]
[White "Darpan, Inani"]
[Black "Mari Arul, S."]
[Result "1-0"]
[WhiteElo "1925"]
[BlackElo "2249"]
[PlyCount "59"]
[EventDate "2008.09.28"]
[Source "MonRoi"]

1. e4 e5 2. Nf3 Nc6 3. Bc4 Nf6 4. d3 Bc5 5. c3 a6 6. Bb3 Ba7 7. h3 d6 8. Nbd2
O-O 9. O-O Ne7 10. Re1 Ng6 11. Nf1 Nh5 12. d4 exd4 13. cxd4 Nhf4 14. Ng3 h6 15.
Be3 c6 16. Qd2 Qf6 17. e5 dxe5 18. dxe5 Bxe3 19. fxe3 Nxh3+ 20. Kh2 Nxe5 21.
Nxe5 Rd8 22. Bxf7+ Kh8 23. Ng6+ Kh7 24. Qc2 Ng5 25. Nf8+ Kh8 26. Ng6+ Kh7 27.
Rf1 Qd6 28. Rad1 Qc7 29. Nf8+ Kh8 30. Qh7+ 1-0

[Event "COMMONWEALTH CHESS CHAMPIONSHI"]
[Site "Nagpur,India"]
[Date "2008.10.01"]
[Round "5.56"]
[White "Thejkumar, M  S."]
[Black "Nihal, Manjunath"]
[Result "1-0"]
[WhiteElo "2441"]
[BlackElo "1947"]
[PlyCount "103"]
[EventDate "2008.09.28"]
[Source "MonRoi"]

1. d4 Nf6 2. Nf3 g6 3. c4 Bg7 4. Nc3 O-O 5. Bg5 d6 6. e3 c5 7. d5 Na6 8. Be2
Bd7 9. O-O Nc7 10. a4 b6 11. e4 h6 12. Bf4 Qc8 13. Ne1 Na6 14. Qd2 Kh7 15. Nd3
Nb4 16. e5 Nxd3 17. Qxd3 dxe5 18. Bxe5 Nxd5 19. Bxg7 Nf4 20. Qe3 Nxe2+ 21. Qxe2
Kxg7 22. Qe5+ Kh7 23. Qxe7 Qd8 24. Qe5 Qg5 25. Qxg5 hxg5 26. Ne4 Kh6 27. a5 Be6
28. b3 Rfd8 29. Rfd1 Bf5 30. Nd6 Kg7 31. Rd2 Kf8 32. f3 Be6 33. a6 Ke7 34. Rad1
Rd7 35. Nb5 f6 36. Kf2 g4 37. f4 Rxd2+ 38. Rxd2 Bd7 39. Re2+ Kf8 40. Kg3 Bxb5
41. cxb5 f5 42. Rd2 Kf7 43. Rd7+ Ke6 44. Rc7 Kf6 45. Kf2 Ke6 46. Ke3 Kf6 47.
Kd3 Rd8+ 48. Kc3 Ra8 49. Kc4 Rd8 50. Rxa7 Rd4+ 51. Kc3 Rb4 52. Rb7 {Black
Resigns} 1-0

[Event "COMMONWEALTH CHESS CHAMPIONSHI"]
[Site "Nagpur,India"]
[Date "2008.10.01"]
[Round "5.57"]
[White "Sriram, Jha"]
[Black "Lolla, Sembhu"]
[Result "1-0"]
[WhiteElo "2428"]
[BlackElo "1945"]
[PlyCount "43"]
[EventDate "2008.09.28"]
[Source "MonRoi"]

1. d4 e6 2. c4 g6 3. Nf3 Bg7 4. Bg5 Ne7 5. Nc3 h6 6. Bf4 g5 7. Bc1 d5 8. e3 Nd7
9. Bd3 c5 10. cxd5 exd5 11. h3 a6 12. O-O b5 13. Bc2 b4 14. Ne2 c4 15. e4 Bb7
16. Ng3 dxe4 17. Bxe4 Bxe4 18. Nxe4 Qb6 19. Re1 Kf8 20. Qe2 Nf5 21. Qxc4 Nxd4
22. Nxd4 1-0

[Event "COMMONWEALTH CHESS CHAMPIONSHI"]
[Site "Nagpur,India"]
[Date "2008.10.01"]
[Round "5.58"]
[White "Minhazuddin, Ahmed"]
[Black "Mithil, Ajgaonkar"]
[Result "1-0"]
[WhiteElo "2339"]
[BlackElo "1930"]
[PlyCount "73"]
[EventDate "2008.09.28"]
[Source "MonRoi"]

1. e4 c6 2. d4 d5 3. e5 Bf5 4. Nf3 e6 5. Be2 Nd7 6. O-O Ne7 7. b3 Ng6 8. c4 Be7
9. Bd3 Bxd3 10. Qxd3 O-O 11. cxd5 cxd5 12. Re1 Rc8 13. Bd2 Qc7 14. Nc3 a6 15.
g3 Ba3 16. Rab1 b5 17. h4 b4 18. Na4 Qc2 19. Qxa6 Qxa2 20. h5 Ne7 21. Qb7 Rfd8
22. Bg5 Rb8 23. Qa6 Kf8 24. Qd3 Rdc8 25. Re2 Qxb1+ 26. Qxb1 Kg8 27. Bxe7 Rc1+
28. Qxc1 Bxc1 29. Rc2 Ba3 30. Rc7 Nf8 31. Ng5 h6 32. Nxf7 Kxf7 33. Bxb4+ Kg8
34. Bxa3 Rxb3 35. Bd6 Nh7 36. Rc8+ Kf7 37. Rh8 1-0

[Event "COMMONWEALTH CHESS CHAMPIONSHI"]
[Site "Nagpur,India"]
[Date "2008.10.01"]
[Round "5.59"]
[White "Wijesuriya, G V."]
[Black "Grover, Sahaj"]
[Result "0-1"]
[WhiteElo "1941"]
[BlackElo "2306"]
[PlyCount "86"]
[EventDate "2008.09.28"]
[Source "MonRoi"]

1. Nf3 Nf6 2. g3 d5 3. d4 e6 4. Bg5 c5 5. Bxf6 Qxf6 6. c3 Nc6 7. Bg2 Bd6 8. e3
b6 9. Qd3 Qe7 10. Nbd2 a5 11. dxc5 bxc5 12. c4 Qf6 13. Ne4 dxe4 14. Qxd6 Ra6
15. Qc7 O-O 16. Nd2 Qxb2 17. Rb1 Qxa2 18. Bxe4 Nb4 19. Ke2 f5 20. Bg2 Qc2 21.
Rb3 Na2 22. Rhb1 Nc3+ 23. Rxc3 Qxc3 24. Rb8 a4 25. Rxc8 Qf6 26. Qxc5 a3 27.
Rxf8+ Qxf8 28. Qe5 a2 29. Qa1 Qf6 30. Nb3 Qxa1 31. Nxa1 Rb6 32. Kd2 Rb1 33. Kc2
Rxa1 34. Kb2 Rg1 35. Kxa2 Rxg2 36. Kb3 Rxf2 37. Kb4 Rxh2 38. Kc5 Rg2 39. Kd6
Kf7 40. c5 Rxg3 41. c6 Rxe3 42. c7 Rd3+ 43. Kc6 f4 0-1